| 000 | 00487nam a2200181Ia 4500 | ||
|---|---|---|---|
| 005 | 20250508161455.0 | ||
| 008 | 008 250505s9999 xx 000 0 eng d | ||
| 037 | _aTextual | ||
| 040 |
_aFEDL _beng _cFEDL |
||
| 041 |
_aeng _2eng |
||
| 084 |
_a920, DEK _qFEDL |
||
| 100 |
_aDe Kruif Paul _9770773 |
||
| 245 | 0 | _aMicrobe hunters | |
| 260 |
_aNew York, USA _bHarcourt, Brace and Company _c1926 |
||
| 300 | _a363p | ||
| 942 |
_cTEXL _h920, DEK |
||
| 999 |
_c1370175 _d1370175 |
||